000 00662nam a22002537a 4500
001 29876
003 UA-OsUOA
005 20210916220855.0
007 ta
008 20041029b un ||||| |||| 00| 0 ukr d
020 _a5-87604-091-6
040 _aUA-OsUOA
_brus
_cUA-OsUOA
_dUA-OsUOA
041 _arus
044 _aRU
080 _a81.14'02
090 _a81.14'02
_bС46
100 _aСицилийский Д.
245 _aГреческая мифология
_cД. Сицилийский ; пер. О. П. Цыбенко
260 _aМосква
_bЛабиринт
_c2000
300 _a224 с.
650 7 _2UDC
942 _cBK
_2udc
955 _a0
999 _c316275
_d316275